Central Library OPAC University of Rajshahi

Student nationalism in China, 1927-1937 / (Record no. 26231)

MARC details
000 -LEADER
fixed length control field 00957cam a22002771 4500
001 - CONTROL NUMBER
control field 26231
003 - CONTROL NUMBER IDENTIFIER
rucl marc code BD-RjUL
005 - DATE AND TIME OF LATEST TRANSACTION
control field 20211209051004.0
008 - FIXED-LENGTH DATA ELEMENTS--GENERAL INFORMATION
fixed length control field 140320s1966 cauab b 001 0 eng d
035 ## - SYSTEM CONTROL NUMBER
System control number (BD-RjUL)26301
System control number (OCoLC)412225
040 ## - CATALOGING SOURCE
Original cataloging agency DLC
Transcribing agency OWibfU
Modifying agency OCoLC
-- ODaWU
-- OCoLC
-- BD-RjUL
Language of cataloging eng
041 ## - LANGUAGE CODE
Language code of text/sound track or separate title eng
082 ## - DEWEY DECIMAL CLASSIFICATION NUMBER
Classification number 951.042
Author mark and year ISS 1966
100 1# - MAIN ENTRY--PERSONAL NAME
Personal name Israel, John
9 (RLIN) 80653
245 10 - TITLE STATEMENT
Title Student nationalism in China, 1927-1937 /
260 ## - PUBLICATION, DISTRIBUTION, ETC. (IMPRINT)
Place of publication, distribution, etc. Stanford, California :
Name of publisher, distributor, etc. Published for the Hoover Institution on War, Revolution, and Peace by Stanford University Press,
Date of publication, distribution, etc. 1966.
300 ## - PHYSICAL DESCRIPTION
Pagination ix, 253 p. :
Illustrations illus., maps. ;
Size 24 cm.
504 ## - BIBLIOGRAPHY, ETC. NOTE
Bibliography, etc Bibliography: p. [231]-244 and index.
650 #0 - SUBJECT ADDED ENTRY--TOPICAL TERM
Topical term or geographic name as entry element Students
Geographic subdivision China.
9 (RLIN) 77303
651 #0 - SUBJECT ADDED ENTRY--GEOGRAPHIC NAME
Geographic name China
General subdivision Politics and government
Chronological subdivision 1912-1949.
9 (RLIN) 78236
710 2# - ADDED ENTRY--CORPORATE NAME
Corporate name or jurisdiction name as entry element Hoover Institution on War, Revolution, and Peace.
9 (RLIN) 80654
942 ## - ADDED ENTRY ELEMENTS (KOHA)
Source of classification or shelving scheme Dewey Decimal Classification
Koha item type Books
Holdings
Lost status Source of classification or shelving scheme Damaged status Not for loan Collection code Permanent Location Current Location Shelving location Date acquired Source of acquisition Cost, normal purchase price Total Checkouts Full call number Date last seen Copy number Koha item type
  Dewey Decimal Classification   Added to bundle Non-fiction Central Library, University of Rajshahi Central Library, University of Rajshahi Reading Room 29/04/1974 Oxford University Press 90.00   951.042 ISS 1966 20/03/2014 C-1 Books